Countries with red color on their flags - Sudden Death - Statistics

General Stats
  • This quiz has been taken 3,592 times
    3,293 since last reset
  • The average score is 10 of 14
Answers on the Grid
Answers color-coded by a green-red scale on the quiz's grid according to % correct below.
Turkey
Hungary
Mongolia
Jamaica
Mexico
Gabon
Russia
Saint Lucia
Tanzania
France
Greece
India
Pakistan
Estonia
Bangladesh
Bhutan
Botswana
Cuba
Bahamas
Japan
Palau
Micronesia
Malta
Uzbekistan
San Marino
Libya
Yemen
Argentina
Brazil
Peru
 
Answer Stats
Answer % Correct
Turkey
97%
Russia
91%
France
89%
Mexico
86%
Hungary
79%
Japan
78%
Mongolia
73%
Cuba
69%
Bangladesh
65%
Malta
65%
Peru
65%
Yemen
49%
Libya
44%
Uzbekistan
17%
No matching quizzes found
Score Distribution
Percent of People with Each Score
Percentile by Number Answered
Your Score History
You have not taken this quiz since the last reset